United States Wealthiest Quiz Stats

 Plays Quiz Updated Nov 28, 2018

     
Support Sporcle.
Go Orange.
Score 0/20 Timer 05:00
0 Plays Today
Est. Worth Person % Correct
111 BillionBill Gates
99.2%
73.5 BillionWarren Buffett
54.8%
62 Billion eachWalton Family
49.3%
55BillionMichael Bloomberg
46.3%
19.1 BillionStephen Schwarzman
43.6%
35.6 BillionMichael Dell
35.1%
45 Billion eachJulia Koch and Charles Koch
33%
85 BillionMark Zuckerberg
24.5%
29 Billion eachThe Mars Family
24.3%
65.7 BillionSergey Brin
13.2%
Est. Worth Person % Correct
29.8 BillionSheldon Adelson
12.8%
72 BillionLarry Ellison
12.5%
179 BillionJeff Bezos
11.7%
67.5 BillionLarry Page
11.2%
39.2 BillionPhil Knight
8.3%
69 BillionSteven Ballmer
7.6%
68 BillionElon Musk
5.9%
57 BillionMacKenzie Scott
4.8%
23.5 BillionJim Simons
2.5%
25 BillionLen Blavatnik
1.9%

From the Vault

People in Adam Sandler's 'The Chanukah Song'

by WillieG

Holiday 5m
It's so much fun-ukah to celebrate Chanukah.
Remove Ads.
Support Sporcle.
Get the best of Sporcle when you Go Orange. This ad-free experience offers more features, more stats, and more fun while also helping to support Sporcle. Thank you for becoming a member.

Show Comments

Extras

Top Quizzes Today


Score Distribution

Your Account Isn't Verified!

In order to create a playlist on Sporcle, you need to verify the email address you used during registration. Go to your Sporcle Settings to finish the process.

Report this User

Report this user for behavior that violates our Community Guidelines.

Details: